000 00716nam a2200229Ia 4500
003 GCL
008 140319s9999 xx 000 0 ara d
020 _a3040009957
040 _aGCL /
_cGCL
082 0 4 _a291.042
_bخ د
100 1 _aخزعل الماجدى
245 1 0 _aالدين المصرى /
_cخزعل الماجدى
250 _aالاولى
260 _aالاردن :
_bدار الشروق ،
_c1999
300 _a318 ص ؛
_c24 سم
490 _aسلسلة التراث الروحى للانسان
_v3
650 0 4 _aالديانات
650 0 4 _aالاساطير
650 0 4 _aالديانات المصرية القديمة
650 0 4 _aالديانات - تاريخ
942 _2ddc
_cBK
999 _c10130
_d10130